近戰法師

資料類型: Book 圖書   書目號:51821

Leader xxxxxxxxxx
001 __ 102509/4/01
005 __ 20171120175636.004
010 0_ |a9789865782160|b第1冊 : 平裝|d新臺幣240元
100 __ |a20171120d2013    km y0chiy50      b
101 0_ |achi
102 __ |atw
105 __ |ay   z   000ay
200 1_ |a近戰法師|e|h|f蝴蝶藍作
205 __ |a初版
210 __ |a新北市|c知翎文化|d2013[民102]
215 0_ |a319面|c|d21公分
225 12 |a瘋讀|vCB001
300 __ |a
606 __ |2cst|a小說
681 __ |a857.7|b8585 v.1
700 _0 |a蝴蝶藍|b|4702 __ |a|b|4
801 _0 |atw|bLibDipper|c20171120|gCCR
詳細館藏 1-10 筆 (共 21 筆)
索 書 號登 錄 號冊次號館別 / 館藏地流通類型狀態加入預約清單電子資源
857.7 / 8585 1025094 v.1 圖書館 / 一樓輕小說專區 可外借30天 在館   
857.7 / 8585 2020431 v.1 圖書館 / 一樓輕小說專區 可外借30天 在館   
857.7 / 8585 2020432 v.2 圖書館 / 一樓輕小說專區 可外借30天 在館   
857.7 / 8585 2020433 v.3 圖書館 / 一樓輕小說專區 可外借30天 在館   
857.7 / 8585 2020434 v.4 圖書館 / 一樓輕小說專區 可外借30天 在館   
857.7 / 8585 2020435 v.5 圖書館 / 一樓輕小說專區 可外借30天 在館   
857.7 / 8585 2020436 v.6 圖書館 / 一樓輕小說專區 可外借30天 在館   
857.7 / 8585 2020437 v.7 圖書館 / 一樓輕小說專區 可外借30天 在館   
857.7 / 8585 2020438 v.8 圖書館 / 一樓輕小說專區 可外借30天 在館   
857.7 / 8585 2020439 v.9 圖書館 / 一樓輕小說專區 可外借30天 在館   

切換至館藏 第 1, 2, 3

| 條列資料




目錄查詢 分類查詢 個人資料 圖書薦購 新書查詢 閉館日 排行榜 更多電子資源 Hami書城 線上資料庫 登出

From : 216.73.217.87

  本日流通累計至 15:23:15 借閱 : 13 次 續借 : 0 次 歸還 : 10 次 預約 : 0 次 電子資源 : 0 次


內湖高中圖書館  PCLIS 版本  26.5.0.12